| 000 | 00394nam a2200157 i 4500 | ||
|---|---|---|---|
| 001 | bg | ||
| 100 | 1 | _aFAJNSTEJN, S. M. | |
| 245 | 0 |
_aObrobotka i zascita poverchnosti poluprovodnikovych priborov / _cS. Fajnstejn. |
|
| 250 | _aIzd. 3 pererab. | ||
| 260 |
_aMoskva, _c1970. |
||
| 040 | _cBPK | ||
| 041 | _apol | ||
| 080 | _a621.382 | ||
| 942 | _cKS | ||
| 008 | s pl f |000 0 pol | ||
| 999 |
_c8930 _d8930 |
||
| 856 |
_uhttp://koha.tu.koszalin.pl/cgi-bin/koha/opac-detail.pl?biblionumber=8930 _yKatalog online BPK |
||